00477nam a2200145Ia 4500008004100000041000800041082001700049100002300066245003100089260004500120300001400165650002300179999001900202952011000221210716s1968 xx 000 0 und d aeng a150.195 JOUS aJourard, Sidney M. aDisclosing man to himself. aLondonbD Van nostrand company incc1968 aviii, 245 aGeneral Management c201031d201031 001040708MBAaAIMITbAIMITd2006-05-20l0o150.195 JOUSpMBA03597r2026-05-23 00:00:00w2021-07-16yBK